[Event "Buenos Aires Masters op"]
[Site "Buenos Aires"]
[Date "2023.06.18"]
[Round "5"]
[White "Barin, Sebastian"]
[Black "Montiel Marin, Micaela Agustina"]
[Result "0-1"]
[WhiteElo "1510"]
[BlackElo "1519"]
[PlyCount "80"]
[EventDate "2023.06.14"]
[EventType "swiss"]
[EventRounds "9"]
[EventCountry "ARG"]
[SourceTitle "CBM 215 Extra"]
[Source "ChessBase"]
[SourceDate "2023.09.30"]
[SourceVersion "1"]
[SourceVersionDate "2023.09.30"]
[SourceQuality "1"]

1. Nf3 Nf6 2. d4 c5 3. g3 e6 4. Bg2 cxd4 5. Nxd4 d5 6. c4 e5 7. Nf3 d4 8. 0-0 Nc6 9. e3 d3 10. Nc3 e4 11. Nd4 Nxd4 12. exd4 Bg4 13. Qa4+ Bd7 14. Qb3 Bc8 15. Qb5+ Bd7 16. Qe5+ Be7 17. Nxe4 0-0 18. Nxf6+ Bxf6 19. Qe4 Qc7 20. Qxd3 Rac8 21. b3 a6 22. Bf4 Qb6 23. Rad1 Bg4 24. Rd2 Rfd8 25. d5 Re8 26. Be3 Qb4 27. c5 Bh5 28. Qc4 Qa5 29. d6 Rxe3 30. b4 Rc3 31. Qxc3 Bxc3 32. bxa5 Bxd2 33. Bxb7 Bxa5 34. Bxa6 Bf3 35. Rc1 Bc6 36. Rb1 Kf8 37. Bb7 Rb8 38. d7 Rxb7 39. Rxb7 Bxb7 40. a3 Ke7 0-1

[Event "ARG-ch sf 97th"]
[Site "Buenos Aires"]
[Date "2022.09.13"]
[Round "7"]
[White "Ravier, Osvaldo"]
[Black "Barin, Sebastian"]
[Result "0-1"]
[WhiteElo "1895"]
[BlackElo "1474"]
[PlyCount "120"]
[EventDate "2022.09.08"]
[EventType "swiss"]
[EventRounds "9"]
[EventCountry "ARG"]
[SourceTitle "CBM 210 Extra"]
[Source "ChessBase"]
[SourceDate "2022.11.30"]
[SourceVersion "1"]
[SourceVersionDate "2022.11.30"]
[SourceQuality "1"]

1. Nf3 e6 2. d4 d5 3. e3 c5 4. Bb5+ Bd7 5. Bxd7+ Nxd7 6. 0-0 Ngf6 7. Nc3 Be7 8. Re1 0-0 9. Qe2 Qc7 10. Bd2 Rac8 11. Rec1 a6 12. a4 Rfd8 13. a5 Ne4 14. Nxe4 dxe4 15. Ne1 cxd4 16. exd4 Nf6 17. c3 Rd5 18. b4 Bd6 19. g3 e5 20. Bg5 Qc4 21. Qxc4 Rxc4 22. Be3 exd4 23. Bxd4 Be5 24. Bxe5 Rxe5 25. Ng2 Nd5 26. Ne3 Nxe3 27. fxe3 Rd5 28. Rd1 Rd3 29. Kf2 Rcxc3 30. Rxd3 Rxd3 31. Rc1 Kf8 32. Rc8+ Ke7 33. Rc7+ Rd7 34. Rc4 f5 35. g4 g6 36. Kg3 Kf6 37. h4 Ke5 38. g5 Rd3 39. Rc5+ Kd6 40. Kf4 Rb3 41. Rc4 Rb1 42. Kg3 Rg1+ 43. Kh3 Re1 44. Rc3 Rd1 45. Rc8 Rd3 46. Rh8 Rxe3+ 47. Kg2 f4 48. Rxh7 Rg3+ 49. Kf1 e3 50. Rf7 f3 51. Rf6+ Ke5 52. Rf8 Rh3 53. Kg1 e2 54. Kf2 Rh1 55. Re8+ Kf4 56. Re7 Kg4 57. Re4+ Kh5 58. Re8 e1Q+ 59. Rxe1 Rxe1 60. Kxe1 Kxh4 0-1